Of mice and men (Record no. 41907)

MARC details
000 -LEADER
fixed length control field 00336nam a2200145Ia 4500
020 ## - INTERNATIONAL STANDARD BOOK NUMBER
ISBN 978- 0- 14- 017739- 8
050 ## - CALL MARK
Classification number PN2093.C64
100 ## - STATEMENT OF RESPONSIBILITY--MAIN AUTHOR NAME
Personal name John Steinbeck
245 #0 - TITLE STATEMENT
Title Of mice and men
260 ## - PUBLICATION, DISTRIBUTION, ETC. (IMPRINT)
Name of publisher Penguin books
300 ## - PHYSICAL DESCRIPTION
Number of Pages 107 p
942 ## - ADDED ENTRY ELEMENTS (KOHA)
Koha item type Books
Holdings
Withdrawn status Lost status Source of classification or shelving scheme Damaged status Not for loan Permanent Location Current Location Shelving location Date acquired Accession Number Price effective from Koha item type
    Library of Congress Classification     NILE UNIVERSITY OF NIGERIA - MAIN LIBRARY NILE UNIVERSITY OF NIGERIA - MAIN LIBRARY Items on shelf 06/03/2025 0006915 06/03/2025 Books
    Library of Congress Classification     NILE UNIVERSITY OF NIGERIA - MAIN LIBRARY NILE UNIVERSITY OF NIGERIA - MAIN LIBRARY Items on shelf 06/03/2025 0006916 06/03/2025 Books